000
00315nam a2200121Ia 4500
005
20251222144911.0
008
251222s9999||||xx |||||||||||||| ||spa||
020
_a
88-7573-286-X
082
_a
458.34/S38G
100
_a
Semplici, Stefania
245
0
_a
Una lengua in pretura. Il linguaggio del diritto
942
_c
LIB
999
_c
22361
_d
22361